La visita de Areche en Chile y la subdelegación de Alvarez de Acevedo

Saved in:
Bibliografiske detaljer
Hovedforfatter: Silva Vargas, Fernando (Author)
Format: Bog
Sprog:spansk
Udgivet: Santiago, Chile Universidad Católica de Chile 1967
Fag:
Tags: Tilføj Tag
Ingen Tags, Vær først til at tagge denne postø!

MARC

LEADER 00000nam a2200000 a 4500
001 UCO2487
003 CL-VaPUC
005 20201106001544.0
008 000608e19670000CL |||||||||||||||||spa|d
999 |c 288994  |d 288992 
040 |c Pontificia Universidad Católica de Valparaíso 
082 0 4 |a 983.03 SIL 1967  |2 21 
100 0 |a Silva Vargas, Fernando  |e author  |9 445715 
245 1 3 |a La visita de Areche en Chile y la subdelegación de Alvarez de Acevedo 
260 |a Santiago, Chile  |b Universidad Católica de Chile  |c 1967 
300 |a 219 páginas 
583 |a last modification  |c 20000608 00:00:00  |k Rodrigo Vera 
600 0 7 |a ARECHE, JOSE ANTONIO DE  |2 CL-VaPUC  |9 445716 
600 0 7 |a ALVAREZ DE ACEVEDO Y ROBLES, TOMAS  |2 CL-VaPUC  |9 445717 
650 0 |a Historia de Chile  |9 265473 
650 7 |a EPOCA COLONIAL  |2 CL-VaPUC  |9 445718  |z CHILE 
852 |a BIBCUR 
942 |c BK  |2 ddc 
945 |d 20000608 00:00:00  |a crobeson 
952 |0 0  |1 0  |2 ddc  |4 0  |6 983_030000000000000_SIL_1967  |7 0  |8 A  |9 337070  |a BIBHIS  |b BIBHIS  |d 2019-11-20  |i 1279688  |o 983.03 SIL 1967  |p 1279688  |r 2025-01-20  |t 1  |w 2019-11-20  |y BK  |k HIS